000 00822nam a22002657a 4500
001 BR7603210
003 BR-BrBNA
005 20230928085019.0
007 ta
008 230509b bl.||||| |||| 00| 0 por d
040 _aBR-BrBNA
_bpor
_cBiblioteca Nacional de Agricultura
041 _a(Por)
072 _aA00
_b/G514
090 _ A00 BR7603210
110 1 _aMinisterio da Educacao e Cultura, Brasilia, DF (Brasil);
_97005
110 1 _aConselho Nacional de Desenvolvimento Cientifico e Tecnologico, Brasilia, DF (Brasil)
245 1 _aCatalogo do Banco de Teses [Bibliografia; Agricultura; Brasil]
_bv. 1
260 3 _aBrasilia, DF (Brasil):
_c1976.
300 _a616 p.
500 _aSummary only
650 _aAgricultura
650 _aBibliografia
909 _a202309
_bLucia
_c55
_dLucia Elande
942 _cBK
999 _c22386
_d22386